Influence of select psychosocial factors on the occupational stress and psychological wellbeing among women police (Record no. 107673)

000 -LEADER
fixed length control field 00521pab a2200181 454500
008 - FIXED-LENGTH DATA ELEMENTS--GENERAL INFORMATION
fixed length control field 180718b2014 xxu||||| |||| 00| 0 eng d
100 ## - MAIN ENTRY--PERSONAL NAME
Personal name Karunanidhi, S.
245 ## - TITLE STATEMENT
Title Influence of select psychosocial factors on the occupational stress and psychological wellbeing among women police
260 ## - PUBLICATION, DISTRIBUTION, ETC.
Date of publication, distribution, etc. 2014
300 ## - PHYSICAL DESCRIPTION
Extent p.149-178.
362 ## - DATES OF PUBLICATION AND/OR SEQUENTIAL DESIGNATION
Dates of publication and/or sequential designation Jul-Sep
650 ## - SUBJECT ADDED ENTRY--TOPICAL TERM
Topical term or geographic name entry element Police
650 ## - SUBJECT ADDED ENTRY--TOPICAL TERM
Topical term or geographic name entry element Women police
650 ## - SUBJECT ADDED ENTRY--TOPICAL TERM
Topical term or geographic name entry element Occupational disease
700 ## - ADDED ENTRY--PERSONAL NAME
Personal name Chitra, T.
773 ## - HOST ITEM ENTRY
Main entry heading Indian Police Journal
909 ## -
-- 107678
Holdings
Withdrawn status Lost status Damaged status Not for loan Permanent Location Current Location Date acquired Serial Enumeration / chronology Barcode Date last seen Price effective from Koha item type
        Indian Institute of Public Administration Indian Institute of Public Administration 2018-07-19 Volume no: 61, Issue no: 3 AR108138 2018-07-19 2018-07-19 Articles

Powered by Koha